000 00536nam a2200169 4500
008 161122b xxu||||| |||| 00| 0 eng d
022 _a9770118389007
082 _aDPer 641.05 F73 Mar-Jul 2013
100 _917746
_aParedes, Erica
245 _a10 fun things to do in Melbourne/
_cErica Paredes.
246 _aTen fun things to do in Melbourne
260 _aQuezon City:
_bABS CBN Publishing, Inc.,
_cc2013.
300 _apage 12;
_c30 cm.
500 _aFood.
650 0 _917747
_aTravel and voyages
_xFood
942 _2ddc
_cPER
999 _c5835
_d5835